00706nam a22001937a 450000500170000001000150001702000260003203500140005803700090007208200080008110000300008924500630011926000360018227001060021830000210032494200220034599900190036795201260038620240517160432.0 aENG-140344 c250.00a9788119664306 aEN-123876 bDBAD a370 aParankimalil, John966406 aUnveiling Extraordinary Educators / cBy John Parankimalil aBengalurubATC Publishersc2023 aSt. Mary's Block, Archdiocesan Pastoral Centre, #5, Nandidurga Road, Benson Town ,bBengalurue560046 a244p.:c21cm(pb) 2ddccENh370mPAR c202893d202893 001040708NFICaBNbBNd2024-05-16eDBADg250.00l0o370 PARpEN-123876r2024-05-17 00:00:00t1v250.00w2024-05-17yEN